[Event "SRB-chT2 Vojvodina League"]
[Site "Kac"]
[Date "2012.10.14"]
[Round "1"]
[White "Gavric, Zivojin"]
[Black "Radanovic, Borislav"]
[Result "1/2-1/2"]
[WhiteElo "2128"]
[BlackElo "2244"]
[PlyCount "41"]
[EventDate "2012.10.14"]
[EventType "team-swiss"]
[EventRounds "11"]
[EventCountry "SRB"]
[SourceTitle "EXT 2015"]
[Source "ChessBase"]
[SourceDate "2014.11.20"]
[SourceVersion "1"]
[SourceVersionDate "2014.11.20"]
[SourceQuality "1"]

1. e4 d6 2. Nc3 g6 3. g3 Bg7 4. Bg2 Nc6 5. f4 e5 6. d3 Nge7 7. Nh3 h5 8. Nf2 Nd4 9. Ne2 Nec6 10. c3 Nxe2 11. Qxe2 Be6 12. 0-0 Qe7 13. Nd1 Bg4 14. Qe1 Qd7 15. Ne3 Bf3 16. f5 Bxg2 17. Kxg2 0-0-0 18. h3 Bh6 19. Nd5 Bxc1 20. Rxc1 Ne7 21. Nxe7+ 1/2-1/2

[Event "Vojvodina-chT"]
[Site "Pancevo"]
[Date "2007.09.24"]
[Round "1"]
[White "Kitic, Dusan"]
[Black "Radanovic, Borislav"]
[Result "1-0"]
[WhiteElo "2268"]
[BlackElo "2178"]
[PlyCount "61"]
[EventDate "2007.09.24"]
[EventType "team-tourn"]
[EventRounds "9"]
[EventCountry "SRB"]
[SourceTitle "EXT 2023"]
[Source "ChessBase"]
[SourceDate "2022.10.05"]
[SourceVersion "1"]
[SourceVersionDate "2022.10.05"]
[SourceQuality "1"]

1. d4 Nf6 2. c4 g6 3. Nc3 Bg7 4. e4 d6 5. Bg5 c6 6. f4 Qa5 7. Qd2 a6 8. e5 dxe5 9. fxe5 Nfd7 10. Nf3 f6 11. Bh6 Bxh6 12. Qxh6 fxe5 13. Qg7 Rf8 14. Qxh7 Rxf3 15. gxf3 Nf8 16. Qh8 exd4 17. Qxd4 Bf5 18. Bd3 Bxd3 19. Qxd3 Qe5+ 20. Qe4 Qg5 21. Ne2 Nbd7 22. f4 Qh4+ 23. Ng3 Nc5 24. Qe3 Nfe6 25. 0-0 0-0-0 26. b4 Rd3 27. Qe1 Nxf4 28. bxc5 e5 29. Rd1 Ra3 30. Qxe5 Rxg3+ 31. Kh1 1-0